Hydrologic optics (Record no. 6408)

MARC details
000 -LEADER
fixed length control field 00575nam a2200181Ia 4500
003 - CONTROL NUMBER IDENTIFIER
control field IN-BaIIA
008 - FIXED-LENGTH DATA ELEMENTS--GENERAL INFORMATION
fixed length control field 211028s9999 xx 000 0 eng d
040 ## - CATALOGING SOURCE
Transcribing agency IIA Library
080 ## - UNIVERSAL DECIMAL CLASSIFICATION NUMBER
Universal Decimal Classification number 524.3-64
Item number PRE-6
100 ## - MAIN ENTRY--PERSONAL NAME
Personal name Preisendorfer, R. W
9 (RLIN) 10994
245 #0 - TITLE STATEMENT
Title Hydrologic optics
Remainder of title vol. VI
Statement of responsibility, etc. R. W. Preisendorfer
260 ## - PUBLICATION, DISTRIBUTION, ETC.
Place of publication, distribution, etc. Hawaii
Name of publisher, distributor, etc. U. S. Department of Commerce
Date of publication, distribution, etc. 1976
300 ## - PHYSICAL DESCRIPTION
Extent xii, 390p.
650 ## - SUBJECT ADDED ENTRY--TOPICAL TERM
Topical term or geographic name entry element Astronomy and astrophysics thesaurus
650 ## - SUBJECT ADDED ENTRY--TOPICAL TERM
Topical term or geographic name entry element Hydrologic optics
9 (RLIN) 10995
650 ## - SUBJECT ADDED ENTRY--TOPICAL TERM
Topical term or geographic name entry element Radiative transfer
9 (RLIN) 1568
942 ## - ADDED ENTRY ELEMENTS (KOHA)
Koha item type Books
Holdings
Withdrawn status Lost status Damaged status Not for loan Home library Current library Shelving location Date acquired Total Checkouts Full call number Barcode Date last seen Price effective from Koha item type
        IIA Library-Bangalore IIA Library-Bangalore General Stacks 12/12/1979   524.3-64/ PRE-6 7134 05/11/2021 12/12/1979 Books

Powered by Koha